Právo a marketing v roce 2010

Výber legislatívnych opatrení, ktoré budú mať dopad v roku 2010 v Českej republike. Príprava právnej regulácie audiovizuálnych mediálnych služieb na vyžiadanie. Audiovizuálna obchodná informácia. Pojem umiestnenie produktu (product placement) v návrhu zákona o audiovizuálnych službách. Novela mediál...

Descrizione completa

Salvato in:
Dettagli Bibliografici
Autore principale: Chlumská, Karla
Natura: Capitolo di libro
Lingua:ceco
Soggetti:
Tags: Aggiungi Tag
Nessun Tag, puoi essere il primo ad aggiungerne!!

MARC

LEADER 00000naa$a2200000$$$4500
001 0109963
005 20231019094228.4
041 0 |a cze 
044 |a CZ 
245 1 0 |a Právo a marketing v roce 2010  |c Karla Chlumská 
520 |a Výber legislatívnych opatrení, ktoré budú mať dopad v roku 2010 v Českej republike. Príprava právnej regulácie audiovizuálnych mediálnych služieb na vyžiadanie. Audiovizuálna obchodná informácia. Pojem umiestnenie produktu (product placement) v návrhu zákona o audiovizuálnych službách. Novela mediálneho zákona. Označovanie potravín. Voľný pohyb služieb v rámci Európskej únie. 
610 2 0 |a právo 
610 2 0 |a legislatíva 
610 2 0 |a marketing 
610 2 0 |a internet 
610 2 0 |a reklama 
610 2 0 |a médiá 
610 2 0 |a potraviny 
610 2 0 |a služby 
610 2 0 |a Česko 
610 2 0 |a Európska únia 
100 1 |a Chlumská, Karla